| 000 | 00911nam a2200205 i 4500 | ||
|---|---|---|---|
| 001 | 178394 | ||
| 003 | ES-MaACL | ||
| 005 | 20250716052852.0 | ||
| 008 | 110526s1850 sp |||| | spa d | ||
| 100 | 1 |
_aHartzenbusch, Juan Eugenio, _d1806-1880 _962011 |
|
| 245 | 1 | 0 |
_aJugar por tabla _b: comedia en tres actos en verso / _cde Juan Eugenio Hartzenbusch, Luis Valladares y Garriga y Cayetano Rosell. |
| 260 |
_aMadrid : _b[s.n., _c1850] ( _fImp. de S. Omaña) |
||
| 300 |
_a72 p. ; _c17 cm. |
||
| 500 | _aEn port.: Estrenada en el teatro Español á 18 de diciembre de 1850. | ||
| 700 | 1 |
_aValladares y Garriga, Luis. _9146753 |
|
| 700 | 1 |
_aRosell, Cayetano, _d1817-1883 _999681 |
|
| 852 |
_aES-MaACL _jD-1885(2) _z.- Legado M. de la Fuente _z.- Encuadernada con otras obras |
||
| 852 |
_aES-MaACL _jD-1326(3) _z.- Legado M. de La Fuente _z.- Encuadernado con otras obras |
||
| 999 |
_c178394 _d178394 |
||